000
00349nam a2200145Ia 4500
008
090124s9999 xx 000 0 und d
082
_b
300847
245
_a
मदहोश
250
_a
1
260
_b
काळे वैजयंती.
_c
1982
300
_a
235
630
_a
मदहोश
730
_a
मदहोश
942
_c
BOOK
999
_c
190401
_d
190401